[Event "DEM U12 2021"]
[Site "Willingen GER"]
[Date "2021.08.24"]
[Round "3"]
[White "Herrmann, Jakob"]
[Black "Bock, Leonas"]
[Result "1-0"]
[Termination "normal"]
[Board "18"]
[WhiteElo "1531"]
[BlackElo "1278"]
[WhiteClock "00:23:52"]
[BlackClock "00:25:21"]
[PlyCount "95"]
[WhiteFideId "16287169"]
[BlackFideId "16287118"]
[EventCountry "GER"]
[EventRounds "9"]
[EventType "swiss"]
[EventDate "2021.08.22"]

1. e4 {[%clk 01:30:57]} {[%emt 00:00:02]} c5 {[%clk 01:30:53]} {[%emt
00:00:07]} 2. Nc3 {[%clk 01:31:00]} {[%emt 00:00:28]} Nc6 {[%clk 01:31:11]}
{[%emt 00:00:12]} 3. Nge2 {[%clk 01:31:04]} {[%emt 00:00:25]} g6 {[%clk
01:31:26]} {[%emt 00:00:15]} 4. d3 {[%clk 01:28:24]} {[%emt 00:03:11]} Bg7
{[%clk 01:30:48]} {[%emt 00:01:07]} 5. Be3 {[%clk 01:28:08]} {[%emt 00:00:46]}
Nd4 {[%clk 01:30:36]} {[%emt 00:00:42]} 6. Qd2 {[%clk 01:25:20]} {[%emt
00:03:19]} d6 {[%clk 01:30:18]} {[%emt 00:00:47]} 7. Nd1 {[%clk 01:23:24]}
{[%emt 00:02:27]} e6 {[%clk 01:27:18]} {[%emt 00:03:29]} 8. c3 {[%clk
01:23:17]} {[%emt 00:00:38]} Nc6 {[%clk 01:23:26]} {[%emt 00:04:22]} 9. g3
{[%clk 01:19:35]} {[%emt 00:04:12]} Nge7 {[%clk 01:19:21]} {[%emt 00:04:34]}
10. Bg2 {[%clk 01:19:48]} {[%emt 00:00:18]} Bd7 {[%clk 01:19:22]} {[%emt
00:00:28]} 11. O-O {[%clk 01:17:54]} {[%emt 00:02:24]} O-O {[%clk 01:16:36]}
{[%emt 00:03:16]} 12. d4 {[%clk 01:11:14]} {[%emt 00:07:11]} cxd4 {[%clk
01:11:26]} {[%emt 00:05:40]} 13. Nxd4 {[%clk 01:02:15]} {[%emt 00:09:29]} Ne5
{[%clk 01:04:04]} {[%emt 00:07:51]} 14. Bh6 {[%clk 00:52:07]} {[%emt 00:10:38]}
N7c6 {[%clk 00:53:49]} {[%emt 00:10:46]} 15. Bxg7 {[%clk 00:51:47]} {[%emt
00:00:49]} Kxg7 {[%clk 00:54:05]} {[%emt 00:00:14]} 16. Ne3 {[%clk 00:49:28]}
{[%emt 00:02:50]} f5 {[%clk 00:48:59]} {[%emt 00:05:35]} 17. Nb5 {[%clk
00:29:47]} {[%emt 00:20:12]} Qe7 {[%clk 00:39:47]} {[%emt 00:09:41]} 18. Qxd6
{[%clk 00:28:10]} {[%emt 00:02:06]} Qxd6 {[%clk 00:39:11]} {[%emt 00:01:07]}
19. Nxd6 {[%clk 00:27:25]} {[%emt 00:01:15]} b6 {[%clk 00:36:33]} {[%emt
00:03:08]} 20. exf5 {[%clk 00:25:58]} {[%emt 00:01:58]} gxf5 {[%clk 00:32:44]}
{[%emt 00:04:18]} 21. f4 {[%clk 00:23:45]} {[%emt 00:02:43]} Nf7 {[%clk
00:31:27]} {[%emt 00:01:47]} 22. Rad1 {[%clk 00:21:38]} {[%emt 00:02:38]} Rfd8
{[%clk 00:30:37]} {[%emt 00:01:19]} 23. Nxf7 {[%clk 00:20:27]} {[%emt
00:01:41]} Kxf7 {[%clk 00:29:07]} {[%emt 00:02:00]} 24. Rxd7+ {[%clk 00:20:11]}
{[%emt 00:00:46]} Rxd7 {[%clk 00:27:57]} {[%emt 00:01:40]} 25. Bxc6 {[%clk
00:20:38]} {[%emt 00:00:04]} Rad8 {[%clk 00:28:16]} {[%emt 00:00:10]} 26. Bxd7
{[%clk 00:21:03]} {[%emt 00:00:05]} Rxd7 {[%clk 00:28:39]} {[%emt 00:00:07]}
27. Rd1 {[%clk 00:18:09]} {[%emt 00:03:24]} Rxd1+ {[%emt 00:02:20]} 28. Nxd1
{[%emt 00:00:03]} Kf6 {[%clk 00:26:30]} {[%emt 00:00:16]} 29. Kf2 {[%clk
00:18:28]} {[%emt 00:00:12]} e5 {[%clk 00:26:40]} {[%emt 00:00:20]} 30. fxe5+
{[%clk 00:18:38]} {[%emt 00:00:20]} Kxe5 {[%clk 00:27:00]} {[%emt 00:00:09]}
31. Kf3 {[%clk 00:19:02]} {[%emt 00:00:07]} h5 {[%clk 00:26:53]} {[%emt
00:00:36]} 32. Ne3 {[%clk 00:19:17]} {[%emt 00:00:16]} b5 {[%clk 00:26:59]}
{[%emt 00:00:24]} 33. b3 {[%clk 00:19:14]} {[%emt 00:00:32]} a6 {[%clk
00:25:47]} {[%emt 00:01:43]} 34. a4 {[%clk 00:19:24]} {[%emt 00:00:21]} bxa4
{[%clk 00:25:34]} {[%emt 00:00:42]} 35. bxa4 {[%clk 00:19:53]} Ke6 {[%clk
00:25:02]} {[%emt 00:01:03]} 36. Kf4 {[%clk 00:20:15]} {[%emt 00:00:07]} h4
{[%clk 00:24:45]} {[%emt 00:00:46]} 37. gxh4 {[%clk 00:20:31]} {[%emt
00:00:15]} Kf6 {[%clk 00:25:10]} {[%emt 00:00:05]} 38. Nd5+ {[%clk 00:20:51]}
{[%emt 00:00:10]} Kg6 {[%clk 00:25:07]} {[%emt 00:00:33]} 39. a5 {[%clk
00:21:14]} {[%emt 00:00:07]} Kh5 {[%emt 00:00:49]} 40. c4 Kxh4 {[%emt
00:00:17]} 41. c5 {[%emt 00:00:07]} Kh3 {[%clk 00:24:57]} {[%emt 00:00:13]} 42.
c6 {[%clk 00:21:54]} {[%emt 00:00:05]} Kxh2 {[%clk 00:25:17]} {[%emt 00:00:09]}
43. c7 {[%clk 00:22:21]} {[%emt 00:00:04]} Kg2 {[%clk 00:25:21]} {[%emt
00:00:25]} 44. c8=Q {[%emt 00:00:07]} Kf2 {[%clk 00:25:23]} {[%emt 00:00:28]}
45. Qc2+ {[%clk 00:23:13]} {[%emt 00:00:02]} Kf1 {[%clk 00:25:30]} {[%emt
00:00:22]} 46. Ne3+ {[%clk 00:23:34]} {[%emt 00:00:09]} Ke1 {[%clk 00:25:18]}
{[%emt 00:00:43]} 47. Kf3 {[%clk 00:23:55]} {[%emt 00:00:08]} f4 {[%clk
00:25:21]} {[%emt 00:00:26]} 48. Qc1# {[%clk 00:23:52]} {[%emt 00:00:05]} 1-0

[Event "DEM U12 2021"]
[Site "Willingen GER"]
[Date "2021.08.24"]
[Round "3"]
[White "Xue, Luka"]
[Black "Schröder, Jan-Hendrik"]
[Result "1-0"]
[Termination "normal"]
[Board "19"]
[WhiteElo "1496"]
[BlackElo "1246"]
[WhiteClock "00:05:01"]
[BlackClock "00:05:15"]
[PlyCount "77"]
[WhiteFideId "16277252"]
[BlackFideId "16283538"]
[EventCountry "GER"]
[EventRounds "9"]
[EventType "swiss"]
[EventDate "2021.08.22"]

1. d4 {[%clk 01:30:39]} {[%emt 00:00:21]} Nf6 {[%clk 01:29:35]} {[%emt
00:01:25]} 2. c4 {[%clk 01:30:28]} {[%emt 00:00:41]} g6 {[%clk 01:28:23]}
{[%emt 00:01:42]} 3. f3 {[%clk 01:30:06]} {[%emt 00:00:52]} Bg7 {[%clk
01:28:13]} {[%emt 00:00:40]} 4. e4 {[%clk 01:30:10]} {[%emt 00:00:25]} d6
{[%clk 01:27:57]} {[%emt 00:00:48]} 5. Nc3 {[%clk 01:28:26]} {[%emt 00:02:13]}
O-O {[%clk 01:26:36]} {[%emt 00:01:51]} 6. Nge2 {[%clk 01:28:00]} {[%emt
00:00:56]} e5 {[%clk 01:21:09]} {[%emt 00:05:58]} 7. Be3 {[%clk 01:26:56]}
{[%emt 00:01:33]} c6 {[%clk 01:19:05]} {[%emt 00:02:35]} 8. d5 {[%clk
01:24:29]} {[%emt 00:02:56]} cxd5 {[%clk 01:17:32]} {[%emt 00:02:03]} 9. cxd5
{[%clk 01:21:55]} {[%emt 00:03:05]} Nbd7 {[%clk 01:13:40]} {[%emt 00:04:22]}
10. g4 {[%clk 01:17:13]} {[%emt 00:05:11]} Nc5 {[%clk 01:08:46]} {[%emt
00:05:25]} 11. Bxc5 {[%clk 01:10:55]} {[%emt 00:06:47]} dxc5 {[%clk 01:08:56]}
{[%emt 00:00:21]} 12. h4 {[%clk 01:10:37]} {[%emt 00:00:48]} Nxg4 {[%clk
01:04:46]} {[%emt 00:04:40]} 13. fxg4 {[%clk 01:08:30]} {[%emt 00:02:37]} Bxg4
{[%clk 01:05:08]} {[%emt 00:00:08]} 14. Qd2 {[%clk 01:04:36]} {[%emt 00:04:23]}
a6 {[%clk 01:00:42]} {[%emt 00:04:57]} 15. Qg5 {[%clk 01:00:45]} {[%emt
00:04:20]} f5 {[%clk 00:58:59]} {[%emt 00:02:13]} 16. Qxd8 {[%clk 00:59:16]}
{[%emt 00:01:59]} Raxd8 {[%clk 00:58:33]} {[%emt 00:00:56]} 17. O-O-O {[%clk
00:58:17]} {[%emt 00:01:27]} Bf3 {[%clk 00:57:38]} {[%emt 00:01:28]} 18. Rh2
{[%clk 00:55:35]} {[%emt 00:03:11]} fxe4 {[%clk 00:56:55]} {[%emt 00:01:13]}
19. Bh3 {[%clk 00:54:41]} {[%emt 00:01:24]} Rf6 {[%clk 00:50:43]} {[%emt
00:06:41]} 20. Kc2 {[%clk 00:48:51]} {[%emt 00:06:21]} b5 {[%clk 00:48:38]}
{[%emt 00:02:35]} 21. Be6+ {[%clk 00:44:36]} {[%emt 00:04:46]} Kf8 {[%clk
00:47:26]} {[%emt 00:01:43]} 22. Ng3 {[%clk 00:39:53]} {[%emt 00:05:12]} Bxd1+
{[%clk 00:44:55]} {[%emt 00:03:00]} 23. Nxd1 {[%clk 00:39:51]} {[%emt
00:00:31]} Rf4 {[%clk 00:37:23]} {[%emt 00:08:03]} 24. h5 {[%clk 00:36:55]}
{[%emt 00:03:27]} Ke7 {[%clk 00:29:20]} {[%emt 00:08:32]} 25. hxg6 {[%clk
00:30:28]} {[%emt 00:06:57]} hxg6 {[%clk 00:29:23]} {[%emt 00:00:26]} 26. Nc3
{[%clk 00:18:02]} {[%emt 00:12:57]} e3 {[%clk 00:28:41]} {[%emt 00:01:13]} 27.
Rh7 {[%clk 00:10:35]} {[%emt 00:07:56]} Kf8 {[%clk 00:27:00]} {[%emt 00:02:10]}
28. Kd3 {[%clk 00:08:00]} {[%emt 00:03:06]} Rf3 {[%clk 00:25:30]} {[%emt
00:02:01]} 29. Nge4 {[%clk 00:04:16]} {[%emt 00:04:12]} c4+ {[%clk 00:09:43]}
{[%emt 00:16:18]} 30. Ke2 {[%clk 00:04:37]} {[%emt 00:00:08]} Rf2+ {[%clk
00:07:42]} {[%emt 00:02:32]} 31. Nxf2 {[%clk 00:04:43]} {[%emt 00:00:24]} exf2
{[%clk 00:08:11]} 32. Kxf2 {[%clk 00:04:45]} {[%emt 00:00:29]} b4 {[%clk
00:06:36]} {[%emt 00:02:05]} 33. Ne4 {[%clk 00:05:01]} {[%emt 00:00:13]} a5
{[%clk 00:06:30]} {[%emt 00:00:36]} 34. Nc5 {[%clk 00:05:07]} {[%emt 00:00:25]}
c3 {[%clk 00:06:45]} {[%emt 00:00:15]} 35. bxc3 {[%clk 00:05:09]} {[%emt
00:00:27]} bxc3 {[%clk 00:06:51]} {[%emt 00:00:25]} 36. Nd7+ {[%clk 00:04:55]}
{[%emt 00:00:44]} Ke8 {[%clk 00:05:15]} {[%emt 00:02:06]} 37. Rxg7 {[%clk
00:04:58]} {[%emt 00:00:26]} c2 {[%clk 00:05:01]} {[%emt 00:00:44]} 38. Nf6+
{[%clk 00:05:10]} {[%emt 00:00:18]} Kf8 {[%clk 00:05:15]} {[%emt 00:00:17]} 39.
Rf7# {[%clk 00:05:01]} {[%emt 00:00:06]} 1-0

[Event "DEM U12 2021"]
[Site "Willingen GER"]
[Date "2021.08.24"]
[Round "3"]
[White "Weber, Nikita"]
[Black "Kullmann, Theo"]
[Result "1/2-1/2"]
[Termination "normal"]
[Board "20"]
[WhiteElo "1352"]
[BlackElo "1590"]
[WhiteClock "01:35:32"]
[BlackClock "00:23:58"]
[PlyCount "124"]
[WhiteFideId "34608770"]
[BlackFideId "16218582"]
[EventCountry "GER"]
[EventRounds "9"]
[EventType "swiss"]
[EventDate "2021.08.22"]

1. c4 {[%clk 01:30:58]} {[%emt 00:00:01]} e5 {[%clk 01:30:55]} {[%emt
00:00:05]} 2. Nc3 {[%clk 01:31:26]} {[%emt 00:00:02]} g6 {[%clk 01:31:19]}
{[%emt 00:00:06]} 3. g3 {[%clk 01:31:52]} {[%emt 00:00:05]} Bg7 {[%clk
01:31:43]} {[%emt 00:00:05]} 4. Bg2 {[%clk 01:32:19]} {[%emt 00:00:03]} d6
{[%clk 01:32:06]} {[%emt 00:00:07]} 5. e3 {[%clk 01:32:42]} {[%emt 00:00:08]}
f5 {[%clk 01:32:28]} {[%emt 00:00:08]} 6. Nge2 {[%clk 01:33:05]} {[%emt
00:00:06]} Nf6 {[%clk 01:32:44]} {[%emt 00:00:14]} 7. O-O {[%clk 01:33:27]}
{[%emt 00:00:09]} c6 {[%clk 01:33:11]} {[%emt 00:00:03]} 8. Re1 {[%clk
01:33:37]} {[%emt 00:00:19]} O-O {[%clk 01:33:36]} {[%emt 00:00:06]} 9. d4
{[%clk 01:33:59]} {[%emt 00:00:08]} e4 {[%clk 01:33:35]} {[%emt 00:00:30]} 10.
h4 {[%clk 01:34:16]} {[%emt 00:00:13]} Nbd7 {[%clk 01:25:31]} {[%emt 00:08:35]}
11. Nf4 {[%clk 01:34:29]} {[%emt 00:00:17]} Qe7 {[%clk 01:25:09]} {[%emt
00:00:52]} 12. Bf1 {[%clk 01:33:41]} {[%emt 00:01:18]} a5 {[%clk 01:20:03]}
{[%emt 00:05:36]} 13. Be2 {[%clk 01:31:02]} {[%emt 00:03:08]} Ne8 {[%clk
01:12:40]} {[%emt 00:07:54]} 14. Qc2 {[%clk 01:28:32]} {[%emt 00:03:00]} Nc7
{[%clk 01:07:43]} {[%emt 00:05:26]} 15. b3 {[%clk 01:25:25]} {[%emt 00:03:37]}
Ne6 {[%clk 01:04:42]} {[%emt 00:03:31]} 16. Nxe6 {[%clk 01:24:52]} {[%emt
00:01:02]} Qxe6 {[%clk 01:04:05]} {[%emt 00:01:07]} 17. Bb2 {[%clk 01:24:02]}
{[%emt 00:01:21]} Nf6 {[%clk 00:49:20]} {[%emt 00:15:15]} 18. d5 {[%clk
01:21:14]} {[%emt 00:03:19]} Qe7 {[%clk 00:39:22]} {[%emt 00:10:27]} 19. dxc6
{[%clk 01:18:34]} {[%emt 00:03:11]} bxc6 {[%clk 00:39:34]} {[%emt 00:00:18]}
20. Red1 {[%clk 01:17:57]} {[%emt 00:01:06]} Be6 {[%clk 00:39:14]} {[%emt
00:00:50]} 21. Ba3 {[%clk 01:17:49]} {[%emt 00:00:37]} Rfd8 {[%clk 00:38:39]}
{[%emt 00:01:06]} 22. Rd2 {[%clk 01:15:00]} {[%emt 00:03:20]} Qc7 {[%clk
00:33:00]} {[%emt 00:06:09]} 23. Rc1 {[%clk 01:15:06]} {[%emt 00:00:23]} c5
{[%clk 00:27:02]} {[%emt 00:06:28]} 24. Nb5 {[%clk 01:15:12]} {[%emt 00:00:24]}
Qb8 {[%clk 00:25:27]} {[%emt 00:02:05]} 25. Bb2 {[%clk 01:14:54]} {[%emt
00:00:48]} Ne8 {[%clk 00:25:33]} {[%emt 00:00:24]} 26. Bxg7 {[%clk 01:14:27]}
{[%emt 00:00:58]} Kxg7 {[%clk 00:25:49]} {[%emt 00:00:13]} 27. Qb2+ {[%clk
01:14:08]} {[%emt 00:00:49]} Kg8 {[%clk 00:26:03]} {[%emt 00:00:16]} 28. Rcd1
{[%clk 01:14:24]} {[%emt 00:00:14]} Ra6 {[%clk 00:19:22]} {[%emt 00:07:12]} 29.
a4 {[%clk 01:14:16]} {[%emt 00:00:38]} Rd7 {[%clk 00:10:42]} {[%emt 00:09:08]}
30. Kg2 {[%clk 01:13:41]} {[%emt 00:01:06]} Qd8 {[%clk 00:10:37]} {[%emt
00:00:33]} 31. Nc3 {[%clk 01:11:24]} {[%emt 00:02:48]} Nc7 {[%clk 00:09:50]}
{[%emt 00:01:18]} 32. Nd5 {[%clk 01:11:33]} {[%emt 00:00:22]} Bxd5 {[%clk
00:09:43]} {[%emt 00:00:37]} 33. cxd5 {[%clk 01:11:55]} {[%emt 00:00:08]} Rb6
{[%clk 00:10:06]} {[%emt 00:00:06]} 34. Bc4 {[%clk 01:12:19]} {[%emt 00:00:06]}
Qb8 {[%clk 00:09:49]} {[%emt 00:00:48]} 35. Qf6 {[%clk 01:12:25]} {[%emt
00:00:23]} Rf7 {[%clk 00:09:50]} {[%emt 00:00:29]} 36. Qc3 {[%clk 01:12:37]}
{[%emt 00:00:18]} Qa7 {[%clk 00:09:51]} {[%emt 00:00:29]} 37. Rh1 {[%clk
01:12:38]} {[%emt 00:00:29]} h5 {[%clk 00:09:55]} {[%emt 00:00:26]} 38. Rg1
{[%clk 01:12:35]} {[%emt 00:00:32]} Ne8 {[%emt 00:01:42]} 39. Rf1 {[%clk
01:10:26]} {[%emt 00:02:38]} Nf6 {[%clk 00:08:22]} {[%emt 00:00:53]} 40. Rb2
{[%clk 01:10:14]} {[%emt 00:00:42]} Kh7 {[%clk 00:07:52]} {[%emt 00:01:01]} 41.
Rfb1 {[%clk 01:09:58]} {[%emt 00:00:45]} Rb4 {[%clk 00:07:19]} {[%emt
00:01:03]} 42. Kh2 {[%clk 01:09:59]} {[%emt 00:00:27]} Rb8 {[%clk 00:07:13]}
{[%emt 00:00:39]} 43. Kg2 {[%clk 01:10:24]} {[%emt 00:00:05]} Ra8 {[%clk
00:07:05]} {[%emt 00:00:38]} 44. Kh2 {[%clk 01:10:37]} {[%emt 00:00:16]} Qb7
{[%clk 00:07:22]} {[%emt 00:00:13]} 45. Qd2 {[%clk 01:10:48]} {[%emt 00:00:18]}
Ng4+ {[%clk 00:06:31]} {[%emt 00:01:23]} 46. Kg2 {[%clk 01:11:10]} {[%emt
00:00:06]} Ne5 {[%clk 00:06:44]} {[%emt 00:00:18]} 47. Rc1 {[%clk 01:10:58]}
{[%emt 00:00:41]} Ra7 {[%clk 00:06:54]} {[%emt 00:00:21]} 48. Kh1 {[%clk
01:09:32]} {[%emt 00:01:56]} Ra8 {[%clk 00:05:30]} {[%emt 00:01:55]} 49. Kg2
{[%clk 01:09:43]} {[%emt 00:00:18]} Nd7 {[%clk 00:03:22]} {[%emt 00:02:38]} 50.
Bb5 {[%clk 01:08:02]} {[%emt 00:02:11]} Ne5 {[%clk 00:02:23]} {[%emt 00:01:29]}
51. Bc4 {[%clk 01:08:05]} {[%emt 00:00:27]} Qb6 {[%clk 00:01:47]} {[%emt
00:01:07]} 52. Qc3 {[%clk 01:08:03]} {[%emt 00:00:31]} Rb8 {[%clk 00:01:10]}
{[%emt 00:01:07]} 53. Rcc2 {[%clk 01:08:01]} {[%emt 00:00:31]} Rfb7 {[%clk
00:28:53]} {[%emt 00:02:49]} 54. Bb5 {[%clk 01:37:57]} {[%emt 00:00:34]} Ra7
{[%clk 00:27:35]} {[%emt 00:01:47]} 55. Bc4 {[%clk 01:37:38]} {[%emt 00:00:49]}
Qb7 {[%clk 00:27:16]} {[%emt 00:00:47]} 56. Rd2 {[%clk 01:36:15]} {[%emt
00:01:55]} Qc7 {[%clk 00:27:21]} {[%emt 00:00:24]} 57. Rdc2 {[%clk 01:36:38]}
{[%emt 00:00:08]} Rab7 {[%clk 00:27:34]} {[%emt 00:00:17]} 58. Bb5 {[%clk
01:36:44]} {[%emt 00:00:24]} Qb6 {[%clk 00:26:34]} {[%emt 00:01:30]} 59. Rd2
{[%clk 01:36:33]} {[%emt 00:00:42]} Qa7 {[%clk 00:26:45]} {[%emt 00:00:17]} 60.
Kh1 {[%clk 01:35:19]} {[%emt 00:01:45]} Nf3 {[%clk 00:25:22]} {[%emt 00:01:54]}
61. Rdc2 {[%clk 01:35:37]} {[%emt 00:00:11]} Rf8 {[%clk 00:24:48]} {[%emt
00:01:04]} 62. Be2 {[%clk 01:35:32]} {[%emt 00:00:35]} Ne5 {[%clk 00:23:58]}
{[%emt 00:00:47]} 1/2-1/2

[Event "DEM U12 2021"]
[Site "Willingen GER"]
[Date "2021.08.24"]
[Round "3"]
[White "Kuhlmann, Nils Magnus"]
[Black "Bräutigam, Alexander"]
[Result "1-0"]
[Termination "normal"]
[Board "21"]
[WhiteElo "1224"]
[BlackElo "1555"]
[WhiteClock "00:20:46"]
[BlackClock "00:37:19"]
[PlyCount "73"]
[WhiteFideId "16287177"]
[BlackFideId "16245210"]
[EventCountry "GER"]
[EventRounds "9"]
[EventType "swiss"]
[EventDate "2021.08.22"]

1. e4 {[%clk 01:30:56]} {[%emt 00:00:03]} c5 {[%clk 01:30:55]} {[%emt
00:00:06]} 2. Nf3 {[%clk 01:31:20]} {[%emt 00:00:06]} d6 {[%clk 01:31:18]}
{[%emt 00:00:06]} 3. d4 {[%clk 01:31:46]} {[%emt 00:00:04]} cxd4 {[%clk
01:31:43]} {[%emt 00:00:05]} 4. Nxd4 {[%clk 01:32:13]} {[%emt 00:00:03]} Nf6
{[%clk 01:32:06]} {[%emt 00:00:08]} 5. Nc3 {[%clk 01:32:39]} {[%emt 00:00:04]}
a6 {[%clk 01:32:30]} {[%emt 00:00:05]} 6. Qf3 {[%clk 01:33:05]} {[%emt
00:00:05]} Nbd7 {[%clk 01:32:27]} {[%emt 00:00:33]} 7. Be3 {[%clk 01:22:02]}
{[%emt 00:11:33]} e6 {[%clk 01:31:26]} {[%emt 00:01:30]} 8. h3 {[%clk
01:19:11]} {[%emt 00:03:20]} Be7 {[%clk 01:30:18]} {[%emt 00:01:38]} 9. g4
{[%clk 01:18:56]} {[%emt 00:00:47]} Qc7 {[%clk 01:27:31]} {[%emt 00:03:16]} 10.
g5 {[%clk 01:17:21]} {[%emt 00:02:05]} Ne5 {[%clk 01:26:36]} {[%emt 00:01:25]}
11. Qg2 {[%clk 01:17:09]} {[%emt 00:00:42]} Nfd7 {[%clk 01:26:38]} {[%emt
00:00:27]} 12. f4 {[%clk 01:17:09]} {[%emt 00:00:31]} Nc6 {[%clk 01:26:39]}
{[%emt 00:00:29]} 13. O-O-O {[%clk 01:16:06]} {[%emt 00:01:33]} b5 {[%clk
01:25:49]} {[%emt 00:01:20]} 14. h4 {[%clk 01:10:53]} {[%emt 00:05:43]} Bb7
{[%clk 01:24:32]} {[%emt 00:01:47]} 15. h5 {[%clk 01:05:18]} {[%emt 00:06:06]}
O-O-O {[%clk 01:22:38]} {[%emt 00:02:23]} 16. g6 {[%clk 01:03:05]} {[%emt
00:02:44]} hxg6 {[%clk 01:22:38]} {[%emt 00:00:29]} 17. hxg6 {[%clk 01:03:14]}
{[%emt 00:00:19]} Nxd4 {[%clk 01:22:52]} {[%emt 00:00:18]} 18. Rxh8 {[%clk
01:00:39]} {[%emt 00:03:05]} Rxh8 {[%clk 01:22:44]} {[%emt 00:00:38]} 19. Bxd4
{[%clk 01:00:56]} {[%emt 00:00:13]} f6 {[%clk 01:22:41]} {[%emt 00:00:33]} 20.
Qg4 {[%clk 00:57:26]} {[%emt 00:04:00]} b4 {[%clk 01:19:58]} {[%emt 00:03:13]}
21. Qxe6 {[%clk 00:56:02]} {[%emt 00:01:54]} bxc3 {[%clk 01:09:07]} {[%emt
00:11:22]} 22. Qxe7 {[%clk 00:55:39]} {[%emt 00:00:52]} cxb2+ {[%clk 01:09:17]}
{[%emt 00:00:20]} 23. Bxb2 {[%clk 00:56:04]} {[%emt 00:00:06]} Nc5 {[%clk
01:08:16]} {[%emt 00:01:31]} 24. Qxc7+ {[%clk 00:38:54]} {[%emt 00:17:39]} Kxc7
{[%clk 01:08:35]} {[%emt 00:00:10]} 25. e5 {[%clk 00:38:34]} {[%emt 00:00:51]}
dxe5 {[%clk 01:06:44]} {[%emt 00:02:21]} 26. fxe5 {[%clk 00:38:22]} {[%emt
00:00:42]} f5 {[%clk 01:06:55]} {[%emt 00:00:20]} 27. Ba3 {[%clk 00:37:37]}
{[%emt 00:01:14]} Ne4 {[%clk 01:05:18]} {[%emt 00:02:07]} 28. e6 {[%clk
00:35:55]} {[%emt 00:02:13]} Bc6 {[%emt 00:03:51]} 29. Bd3 {[%clk 00:31:23]}
{[%emt 00:02:04]} Rd8 {[%clk 00:58:52]} {[%emt 00:06:33]} 30. e7 {[%clk
00:26:00]} {[%emt 00:05:53]} Rh8 {[%clk 00:47:14]} {[%emt 00:12:08]} 31. Bb2
{[%clk 00:20:49]} {[%emt 00:05:41]} Rh6 {[%clk 00:41:33]} {[%emt 00:06:10]} 32.
Be5+ {[%clk 00:20:13]} {[%emt 00:01:04]} Kb6 {[%clk 00:38:38]} {[%emt
00:03:26]} 33. Bxe4 {[%clk 00:19:37]} {[%emt 00:01:06]} fxe4 {[%clk 00:38:46]}
{[%emt 00:00:22]} 34. Rd6 {[%clk 00:19:55]} {[%emt 00:00:13]} Rh8 {[%clk
00:38:12]} {[%emt 00:01:03]} 35. Bxg7 {[%clk 00:20:11]} {[%emt 00:00:15]} Rg8
{[%clk 00:37:16]} {[%emt 00:01:25]} 36. Bf8 {[%clk 00:20:23]} {[%emt 00:00:19]}
Kc7 {[%clk 00:37:19]} {[%emt 00:00:27]} 37. Rxc6+ {[%clk 00:20:46]} {[%emt
00:00:08]} 1-0